000 00699 a2200205 4500
999 _c4916
_d4916
020 _a0156565145 (pbk.) :
050 0 0 _aRC 569.5 MEN 1966
100 1 _aMenninger, Karl A.
_d1893-1990.
245 1 0 _aMan Against Himself /
_cKarl Menninger.
264 _aNew York :
_b Harcourt, Brace & World,
_c1966
300 _axii, 429 p. :
_bill. ;
500 _a"A Harvest/HBJ book."
504 _aIncludes bibliographical references and index.
650 0 _aSelf-destructive behavior.
650 0 _aPsychoanalysis.
650 0 _aPathological.
650 0 _aPsychology,
856 4 2 _3Publisher description
_uhttp://www.loc.gov/catdir/description/har041/85008504.html
942 _2lcc
_cBK
_h569.5
_iMEN
_k1966